01578pab a2200205 454500008004000000100001600040245009400056260000900150300001500159362000800174520091800182650002801100650001901128650002701147650001501174773004801189909001101237999001901248952010501267180718b2015 xxu||||| |||| 00| 0 eng d aKay, Adrian aSeparating sovereignty and sharing problems: Australian federalism and the European Union c2015 ap.406-418. aDec aFrom its origins in the study of the European Union, the concept of multi-level governance (MLG) can contribute to understanding the capacity for, and barriers to, dynamism and innovation in the Australian federation. By placing the quality of the interactions between different jurisdictions at different spatial scales at the centre of analysis, the concept helps to underpin the argument that constitutional change in formal roles and responsibilities is not sufficient, and may not even be necessary, for reform of Australian federalism. The following steps are made in the paper. The first defines the main elements of MLG and its advantages for extra-constitutional analysis of multi-level policy coordination. The characteristics of MLG observed in contemporary Australian federalism are set out next. The final section presents a critique of the current Reform of the Federation White Paper. - Reproduced. aSovereginty - Australia aEuropean Union aFederalism - Australia aFederalism aAustralian Journal of Public Administration a110031 c110026d110026 00104070aIIPAbIIPAd2018-07-19hVolume no: 74, Issue no: 4pAR110491r2018-07-19w2018-07-19yAR